Tilastot visalle Euroopan valtiot, joilla on vähiten rajoja

Klikkaa tästä pelataksesi tätä visaa!

Yleistilastot

  • Tätä visaa on pelattu 2 232 kertaa
  • Keskiarvotulos 8 / 9

Vastaustilastot

Valtio% Oikein
Islanti
96%
Irlanti
92%
Malta
92%
Portugali
89%
Vatikaani
89%
Yhdistynyt kuningaskunta
88%
San Marino
84%
Tanska
81%
Monaco
77%

Tulosjakauma

Persentiili vastausten määrän mukaan

Jokaisen tuloksen saaneiden osuus

Tuloshistoriasi

Et ole pelannut tätä visaa